000 00399pab a2200133 454500
008 180718b xxu||||| |||| 00| 0 eng d
100 _aMaurya, R.D
245 _aDalit liberation: the mission of Ambedkar for social justice
650 _a Social Change
650 _a Ambedkar, B.R. - Criticism and Interpretation
650 _aCaste - India
773 _aJournal of Rural Development
909 _a21908
999 _c21908
_d21908